| 000 | 00561nam a2200193Ia 4500 | ||
|---|---|---|---|
| 001 | 5195 | ||
| 003 | GE_BSU | ||
| 008 | 181216s||||||||xx |||||||||||||| ||und|| | ||
| 040 | _cGE_BSU | ||
| 080 | _a501(09) | ||
| 100 | _aГиндикин, С.Г. | ||
| 245 | _aРассказы о физиках и математиках. | ||
| 260 | _aМосква | ||
| 260 | _bНаука. Гл.Ред. физ-мат. лит-ры | ||
| 260 | _c1982 | ||
| 300 | _a190 с. 20 см. | ||
| 653 | _aРассказы о физиках и математиках. | ||
| 942 | _cBK | ||
| 999 |
_c38814 _d38814 |
||